Word Ladder: 'Rowdy' Roddy Piper Movie Quiz Stats

 Plays Quiz Updated Sep 27, 2016

Challenge
Share
Tweet
Embed
Score 0/18 Timer 02:00
4 Plays Today
Clue 4-Letter Word % Correct
Adele song: '___ We Were Young'WHEN
98.3%
Rapper Combs or Bond actor Connery, e.g.SEAN
96.7%
To rest against a wall at an angleLEAN
96.4%
A doe is the female name for theseDEER
96.3%
Jerry Garcia fronted band: The Grateful ___DEAD
96.1%
A legal document of ownership of propertyDEED
95.9%
Pb, to a chemistLEAD
95.1%
To have looked uponSEEN
94.1%
A bright green citrus fruitLIME
93.3%
Clue 4-Letter Word % Correct
Told an untruth to someoneLIED
93.2%
Miss Muffett's meal, curds and thisWHEY
92.2%
To gaze upon in an unsavory mannerLEER
90.1%
American band featuring (stage names) Dean and GeneWEEN
88.2%
US group concerned with green-building measuresLEED
83.2%
A collateral debt usually taken against propertyLIEN
76.6%
1988 Roddy Piper movie '___ [last rung]'•THEY•
68.1%
To paint a depiction as accurately as possibleLIMN
67%
1988 Roddy Piper movie '[first rung] ___'•LIVE•
50.1%

Today's Daily Dose

Missing Word
Entertainment 'M'

Word Ladder
North Carolina

On This Day
January 16th II

You're not logged in!

Compare scores with friends on all Sporcle quizzes.
OR
Log In

You Might Also Like...

Show Comments

Extras

Top Quizzes Today


Score Distribution

Your Account Isn't Verified!

In order to create a playlist on Sporcle, you need to verify the email address you used during registration. Go to your Sporcle Settings to finish the process.

Report this User

Report this user for behavior that violates our Community Guidelines.

Details: